Statystyki dla Regiony panstw

Kliknij tutaj aby rozwiązać quiz!

Ogólne statystyki

  • Ten quiz został rozwiązany 171 razy
  • Średni wynik to 15 z 21

Statystyki odpowiedzi

RegionPaństwo% Poprawnych
TeksasStany Zjednoczone
99%
Górny ŚląskPolska
92%
KataloniaHiszpania
90%
SyberiaRosja
90%
SardyniaWłochy
90%
Mongolia WewnętrznaChiny
89%
KretaGrecja
88%
SaksoniaNiemcy
87%
TransylwaniaRumunia
83%
NormandiaFrancja
80%
YorkshireWielka Brytania
73%
Nowa Południowa WaliaAustralia
70%
Brytyjska KolumbiaKanada
68%
FlandriaBelgia
63%
KantōJaponia
61%
DalmacjaChorwacja
59%
Hrabstwo CorkIrlandia
57%
Uttar PradeshIndie
42%
Mato GrossoBrazylia
39%
JaliscoMeksyk
39%
Zachodni przylądekPołudniowa Afryka
39%

Rozkład punktacji

Percentyl według liczby udzielonych odpowiedzi

Procent ludzi z każdym wynikiem

Twoja historia wyników

Nie rozwiązałeś tego quizu